Online katalóg knižníc regiónu Turca

Pamäti (Record no. 22423)

MARC details
000 -LEADER
fixed length control field 02480cam a2200637 a 4500
001 - CONTROL NUMBER
control field 22423
003 - CONTROL NUMBER IDENTIFIER
control field SK-KTurca
005 - DATE AND TIME OF LATEST TRANSACTION
control field 20260328103248.0
008 - FIXED-LENGTH DATA ELEMENTS--GENERAL INFORMATION
fixed length control field 251104s1991 xo gr 000 faslo
015 ## - NATIONAL BIBLIOGRAPHY NUMBER
National bibliography number SNBA1991/10
020 ## - INTERNATIONAL STANDARD BOOK NUMBER
International Standard Book Number 8022001384
Qualifying information (súbor ;
-- viazané)
020 ## - INTERNATIONAL STANDARD BOOK NUMBER
International Standard Book Number 8022001007
Qualifying information (1. zv. ;
-- viazané)
020 ## - INTERNATIONAL STANDARD BOOK NUMBER
International Standard Book Number 8022001244
Qualifying information (2. zv. ;
-- viazané)
020 ## - INTERNATIONAL STANDARD BOOK NUMBER
International Standard Book Number 8022002372
Qualifying information (3. zv. ;
-- viazané)
035 ## - SYSTEM CONTROL NUMBER
System control number FAA6D93B-9A2E-45E5-A7C5-CB01983AB408
035 ## - SYSTEM CONTROL NUMBER
System control number SNK000006661
035 ## - SYSTEM CONTROL NUMBER
System control number urn:nbn:sk:snk-am005aul
035 ## - SYSTEM CONTROL NUMBER
System control number urn:nbn:sk:snk-amkp2l
040 ## - CATALOGING SOURCE
Original cataloging agency SNK
Language of cataloging slo
Transcribing agency SNK
Description conventions AACR2
041 1# - LANGUAGE CODE
Language code of text/sound track or separate title slo
Language code of intermediate translations ger
Language code of original ita
044 ## - COUNTRY OF PUBLISHING/PRODUCING ENTITY CODE
MARC country code xo
ISO country code SK
072 #7 - SUBJECT CATEGORY CODE
Subject category code 821.131.1-3
Subject category code subdivision Talianska próza
Source konspekt
072 #7 - SUBJECT CATEGORY CODE
Subject category code 821-31/-34
Subject category code subdivision Ľúbostná, dobrodružná, fantastická próza
Source konspekt
080 ## - UNIVERSAL DECIMAL CLASSIFICATION NUMBER
Universal Decimal Classification number 821.131.1-055.1
Edition identifier 2011
080 ## - UNIVERSAL DECIMAL CLASSIFICATION NUMBER
Universal Decimal Classification number 821.131.1-31
Edition identifier 2011
080 ## - UNIVERSAL DECIMAL CLASSIFICATION NUMBER
Universal Decimal Classification number (0:82-312.6)
Edition identifier 2011
080 ## - UNIVERSAL DECIMAL CLASSIFICATION NUMBER
Universal Decimal Classification number (0:82-312.5)
Edition identifier 2011
100 1# - MAIN ENTRY--PERSONAL NAME
Personal name Casanova, Giacomo,
Dates associated with a name 1725-1798
Relationship aut
240 10 - UNIFORM TITLE
Uniform title Memoiren
Language of a work Slovensky
245 10 - TITLE STATEMENT
Title Pamäti
Number of part/section of a work 3
Name of part/section of a work Útek z olovených komôr benátskych
-- Cnostná slečna de la Meurová
-- Medové týždne madam Baretovej
Statement of responsibility, etc. Giacomo Casanova ; [z nemeckého vydania Memoiren ... preložili Karol Veselský, Anna Bertová, Gabriela Vigašová ; ilustroval Dušan Stopiak]
246 30 - VARYING FORM OF TITLE
Title proper/short title Útek z olovených komôr benátskych
246 30 - VARYING FORM OF TITLE
Title proper/short title Cnostná slečna de la Meurová
246 30 - VARYING FORM OF TITLE
Title proper/short title Medové týždne madam Baretovej
250 ## - EDITION STATEMENT
Edition statement 2. vyd.
260 ## - PUBLICATION, DISTRIBUTION, ETC.
Place of publication, distribution, etc. Bratislava
Name of publisher, distributor, etc. Slovenský spisovateľ
Date of publication, distribution, etc. 1991
300 ## - PHYSICAL DESCRIPTION
Extent 421 strán
Dimensions 21 cm
366 ## - TRADE AVAILABILITY INFORMATION
Note 30000 kusov
500 ## - GENERAL NOTE
General note Dokument obsahuje 3 diela
500 ## - GENERAL NOTE
General note Ilustrácie na frontispice a predsádkach. Mimo edície
500 ## - GENERAL NOTE
General note Preložené z nemeckého prekladu talianskeho originálu
600 17 - SUBJECT ADDED ENTRY--PERSONAL NAME
Personal name Casanova, Giacomo,
Dates associated with a name 1725-1798
Source of heading or term SNKMA
650 07 - SUBJECT ADDED ENTRY--TOPICAL TERM
Topical term or geographic name entry element talianski spisovatelia
Source of heading or term SNKPH
655 #7 - INDEX TERM--GENRE/FORM
Genre/form data or focus term talianske romány
Source of term SNKPH
655 #7 - INDEX TERM--GENRE/FORM
Genre/form data or focus term autobiografické romány
Source of term SNKPH
655 #7 - INDEX TERM--GENRE/FORM
Genre/form data or focus term ľúbostné romány
Source of term SNKPH
700 1# - ADDED ENTRY--PERSONAL NAME
Personal name Veselský, Karol
Relationship trl
700 1# - ADDED ENTRY--PERSONAL NAME
Personal name Vigašová, Gabriela,
Dates associated with a name 1932-
Relationship trl
700 1# - ADDED ENTRY--PERSONAL NAME
Personal name Stopiak, Dušan,
Dates associated with a name 1953-1991
Relationship ill
700 1# - ADDED ENTRY--PERSONAL NAME
Personal name Bertová, Anna
Titles and other words associated with a name (prekladateľka)
Relationship trl
740 02 - ADDED ENTRY--UNCONTROLLED RELATED/ANALYTICAL TITLE
Uncontrolled related/analytical title Útek z olovených komôr benátskych
740 02 - ADDED ENTRY--UNCONTROLLED RELATED/ANALYTICAL TITLE
Uncontrolled related/analytical title Cnostná slečna de la Meurová
740 02 - ADDED ENTRY--UNCONTROLLED RELATED/ANALYTICAL TITLE
Uncontrolled related/analytical title Medové týždne madam Baretovej
942 ## - ADDED ENTRY ELEMENTS (KOHA)
Source of classification or shelving scheme Dewey Decimal Classification
Koha item type Krásna literatúra pre dospelých
Suppress in OPAC No
Holdings
Stav vyradenia Strata Poškodenie Spôsob nadobudnutia Domovská knižnica Aktuálna knižnica Dátum nadobudnutia Total checkouts Čiarový kód exemplára Date last seen Typ exemplára Verejná poznámka
      Dar Obecná knižnica Horná Štubňa Obecná knižnica Horná Štubňa 28.03.2026   4736201990 28.03.2026 Krásna literatúra pre dospelých 3. diel
Projekt je podporený Slovenskou asociáciou knižníc
Prevádzkuje Turčianska knižnica Martin 2026